| 000 | 00541nam a22001817a 4500 | ||
|---|---|---|---|
| 005 | 20251108171933.0 | ||
| 008 | 250721s1987 xx 000 0 ara d | ||
| 082 | 1 | 4 | _a616.08/محم |
| 100 | 1 | _aنابلسي، محمد أحمد | |
| 245 | 1 | 0 | _aأمراض القلب النفسية / |
| 264 | 1 |
_aبيروت : _bدار الإيمان، _c1987. |
|
| 300 | _a149ص | ||
| 490 | 0 | _aسلسلة الأمراض النفسية - الجسدية | |
| 650 | 1 | 7 | _aالطب النفسي |
| 650 | 1 | 7 | _aالقلب |
| 942 |
_2ddc _cBK |
||
| 999 |
_c66379 _d66379 |
||